Repetitorium Chirurgie /
Uložené v:
| Ďalší autori: | , , |
|---|---|
| Médium: | Kniha |
| Jazyk: | German |
| Vydané: |
München ; Jena :
Urban and Fischer,
2007.
|
| Vydanie: | 1. Aufl. |
| Témy: | |
| ISBN: |
9783437424748 (brož.) 3437424742 (brož.) |
| Fyzický popis: |
xxii, 530 s. : fotogr., il., sch. ; 19 cm. |
| Tagy: |
Pridať tag
Žiadne tagy, Buďte prvý kto otaguje tento záznam!
|
Titul je dostupný aj v ... 

MARC
| LEADER | 00000nam a22000004a 4500 | ||
|---|---|---|---|
| 001 | 000324321 | ||
| 005 | 20080919071548.0 | ||
| 008 | 080619s2007 gw alo f f 001 0 ger d | ||
| 020 | |a 9783437424748 (brož.) | ||
| 020 | |a 3437424742 (brož.) | ||
| 040 | |a SVKKK |b slo |c SVKKK |e AACR2 | ||
| 041 | 0 | |a ger | |
| 044 | |a gw |c DE | ||
| 072 | 7 | |a 616 |x Patológia. Klinická medicína |2 konspekt | |
| 080 | |a 616-089 |2 2001 | ||
| 080 | |a (035) |2 2001 | ||
| 245 | 0 | 0 | |a Repetitorium Chirurgie / |c Herausgegeben von R. Keller, H.-P. Bruch und O. Trentz. |
| 250 | |a 1. Aufl. | ||
| 260 | |a München ; |a Jena : |b Urban and Fischer, |c 2007. | ||
| 300 | |a xxii, 530 s. : |b fotogr., il., sch. ; |c 19 cm. | ||
| 504 | |a Register: s. 491-530 | ||
| 650 | 0 | 7 | |a chirurgia |2 SVKKKPH |
| 655 | 7 | |a príručky |2 SVKKKPH | |
| 700 | 1 | |a Keller, R. |4 com | |
| 700 | 1 | |a Bruch, Hans-Peter |4 com | |
| 700 | 1 | |a Trentz, Otmar |4 com | |
| 910 | |a svkkk | ||
| 919 | |a 978-3-437-42474-8 |a 3-437-42474-2 | ||
| 998 | |a BK | ||
| 090 | |g SCKHL |k Sklad Hlavná 10 prízemie |a I.76328 |j 995240 |i 2720102028 |s Absenčne | ||